000
00304nam a2200109Ia 4500
008
200302s9999 xx 000 0 und d
100
_a
Alan thomas and Others
245
_a
Research skills for policy and devlopment how to find out fast
260
_b
Sage Publications Inc.
260
_c
2007
300
_a
363
999
_c
7437
_d
7437